MATLAB : (Record no. 13595)

MARC details
000 -LEADER
fixed length control field 01267cam a2200313 i 4500
001 - CONTROL NUMBER
control field 13093436
003 - CONTROL NUMBER IDENTIFIER
control field EG-ScBUE
005 - DATE AND TIME OF LATEST TRANSACTION
control field 20241111102300.0
008 - FIXED-LENGTH DATA ELEMENTS--GENERAL INFORMATION
fixed length control field 030214t2004 ii a f 001 0 eng d
020 ## - INTERNATIONAL STANDARD BOOK NUMBER
International Standard Book Number 9788126513949(pbk. : acidfree paper)
040 ## - CATALOGING SOURCE
Original cataloging agency DLC
Language of cataloging eng
Description conventions rda
Transcribing agency DLC
Modifying agency DLC
-- EG-ScBUE
082 04 - DEWEY DECIMAL CLASSIFICATION NUMBER
Classification number 519.40285
Edition number 22
Item number GIL
100 1# - MAIN ENTRY--PERSONAL NAME
Personal name Gilat, Amos,
Relator term author.
9 (RLIN) 12307
245 10 - TITLE STATEMENT
Title MATLAB :
Remainder of title an introduction with applications /
Statement of responsibility, etc Amos Gilat, Department of Mechanical Engineering, The Ohio State University.
264 #1 - PUBLICATION, DISTRIBUTION, ETC. (IMPRINT)
Place of publication, distribution, etc New Delhi :
Name of publisher, distributor, etc John Wiley & Sons, Inc.,
Date of publication, distribution, etc [2004]
264 #4 - PUBLICATION, DISTRIBUTION, ETC. (IMPRINT)
Date of publication, distribution, etc c2004
300 ## - PHYSICAL DESCRIPTION
Extent viii, 296 pages :
Other physical details illustrations ;
Dimensions 24 cm
336 ## - CONTENT TYPE
Source rdacontent
Content type term text
Content type code txt
337 ## - MEDIA TYPE
Media type term unmediated
Source rdamedia
Media type code n
338 ## - CARRIER TYPE
Carrier type term volume
Carrier type code nc
Source rdacarrier
500 ## - GENERAL NOTE
General note Includes index.
630 07 - SUBJECT ADDED ENTRY--UNIFORM TITLE
Uniform title MATLAB.
Source of heading or term BUEsh
9 (RLIN) 12308
650 #7 - SUBJECT ADDED ENTRY--TOPICAL TERM
Topical term or geographic name as entry element Numerical analysis
General subdivision Data processing.
Source of heading or term BUEsh
9 (RLIN) 12309
655 ## - INDEX TERM--GENRE/FORM
Form subdivision Reading book
856 42 - ELECTRONIC LOCATION AND ACCESS
Materials specified Publisher description
Uniform Resource Identifier <a href="http://www.loc.gov/catdir/description/wiley039/2003043265.html">http://www.loc.gov/catdir/description/wiley039/2003043265.html</a>
856 41 - ELECTRONIC LOCATION AND ACCESS
Materials specified Table of contents
Uniform Resource Identifier <a href="http://www.loc.gov/catdir/toc/wiley032/2003043265.html">http://www.loc.gov/catdir/toc/wiley032/2003043265.html</a>
942 ## - ADDED ENTRY ELEMENTS (KOHA)
Source of classification or shelving scheme Dewey Decimal Classification
Koha item type Book - Borrowing
Holdings
Withdrawn status Lost status Source of classification or shelving scheme Damaged status Not for loan Collection code Home library Current library Shelving location Date acquired Source of acquisition Cost, normal purchase price Serial Enumeration / chronology Total Checkouts Total Renewals Full call number Barcode Date last seen Date checked out Price effective from Koha item type
    Dewey Decimal Classification     Alahram Central Library Central Library First floor 07/03/2010 Purchase 67.00 35 3 11 519.40285 GIL 000019135 15/07/2025 23/08/2022 07/03/2010 Book - Borrowing